Statistics for Five Most Populous Countries in 1989 By Continent

Click here to take the quiz!

General Stats

  • This quiz has been taken 80 times
  • The average score is 28 of 30

Answer Stats

CPopulationAnswer% Correct
South America32.4 millArgentina
100%
Oceania16.8 millAustralia
100%
South America147 millBrazil
100%
Asia1.1 billChina
100%
Oceania3.4 millNew Zealand
100%
South America21.8 millPeru
100%
North America26.2 millCanada
99%
Africa55 millEgypt
99%
Asia814 millIndia
99%
North America85 millMexico
99%
North America250 millUnited States
99%
South America32.3 millColombia
97%
Europe56 millFrance
97%
Europe57 millUnited Kingdom
97%
North America10.6 millCuba
96%
Asia175 millIndonesia
96%
Asia123 millJapan
95%
Oceania3.6 millPapua New Guinea
95%
Europe57 millItaly
93%
Africa114 millNigeria
93%
Africa35 millSouth Africa
93%
South America19.4 millVenezuela
93%
Oceania758,000Fiji
90%
Europe287 millUSSR
90%
Africa47 millEthiopia
89%
Asia112 millBangladesh
84%
North America8.9 millGuatemala
81%
Europe62 millWest Germany
79%
Oceania314,000Solomon Islands
77%
Africa34 millZaire
44%

Score Distribution

Percentile by Number Answered

Percent of People with Each Score

Your Score History

You have not taken this quiz